|
|
|
|
| LEADER |
00000nam a2200000Ia 4500 |
| 008 |
160126b2012 cr ||||| |||| 00| | spa d |
| 090 |
|
|
|a 06.04.07
|b 221 CD#236
|
| 100 |
1 |
|
|a Quesada Pacheco, Allen
|9 1314
|
| 245 |
1 |
0 |
|a Laboratorio de idioma digital como apoyo a los procesos de enseñanza y aprendizaje del inglés en la educación preescolar y I y II ciclos de la educación general básica, educación diversificada académica y educación técnica /
|c Allen Quesada P.; Patricia Barquero; Roxana Chevez
|
| 260 |
|
|
|a San José, Costa Rica :
|b INIE,
|c 2012
|
| 300 |
|
|
|a 50 páginas
|
| 500 |
|
|
|a Informe final proyecto de investigación N°724-A7-120 \CD-ROM con los contenidos del portal correspondientes a cada uno de los niveles de enseñanza del inglés en I y II Ciclos de la Educación General Básica
|
| 650 |
1 |
4 |
|a LABORATORIOS DE IDIOMAS
|9 1316
|
| 650 |
1 |
4 |
|a PLATAFORMAS VIRTUALES
|9 1318
|
| 650 |
1 |
4 |
|a TECNOLOGÍA DE LA INFORMACIÓN
|9 484
|
| 650 |
1 |
4 |
|a TECNOLOGÍA DE LAS COMUNICACIONES
|9 925
|
| 650 |
1 |
4 |
|a ENSEÑANZA DE IDIOMAS
|9 1317
|
| 650 |
1 |
4 |
|a ENSEÑANZA CON AYUDA DE COMPUTADORAS
|9 1115
|
| 650 |
1 |
4 |
|a APRENDIZAJE
|9 387
|
| 650 |
1 |
4 |
|a MÉTODOS PEDAGÓGICOS
|9 824
|
| 700 |
1 |
|
|a Barquero, Patricia
|9 1319
|
| 700 |
1 |
|
|a Chevez, Roxana
|9 1320
|
| 942 |
|
|
|i 00189 ,00191
|h 06.04.07 221 CD#236
|2 z
|c 04
|
| 999 |
|
|
|c 1369
|d 1369
|